[Event "OLNO 1920 Greifswalder SV - SC Kreuzber"]
[Site "?"]
[Date "2021.08.15"]
[Round "9.1"]
[White "Thesing, Matthias"]
[Black "Leisner, Hannes"]
[Result "0-1"]
[WhiteElo "2310"]
[BlackElo "2236"]
[PlyCount "56"]
[EventDate "2021.??.??"]

1. e4 c5 2. Nf3 e6 3. g3 b6 4. Bg2 Bb7 5. d3 Nf6 6. O-O d5 7. e5 Nfd7 8. c4
dxc4 9. dxc4 Nc6 10. Bf4 Be7 11. h4 h6 12. h5 Nf8 13. Qa4 Qc8 14. Nc3 g5 15.
hxg6 Nxg6 16. Bd2 Kf8 17. Rfe1 h5 18. Ne4 h4 19. Bc3 hxg3 20. fxg3 Rh5 21. Nd6
Bxd6 22. exd6 Nd4 23. Qd1 Bxf3 24. Bxf3 Nxf3+ 25. Qxf3 Rf5 26. Qh1 Rb8 27. Rf1
e5 28. Bxe5 Rxe5 0-1

[Event "OLNO 1920 Greifswalder SV - SC Kreuzber"]
[Site "?"]
[Date "2021.08.15"]
[Round "9.2"]
[White "Stubbe, Wilko"]
[Black "Muse, Drazen"]
[Result "1/2-1/2"]
[WhiteElo "2215"]
[BlackElo "2340"]
[PlyCount "72"]
[EventDate "2021.??.??"]

1. e4 c5 2. Nf3 a6 3. g3 d6 4. Bg2 Nc6 5. O-O g6 6. d3 Bg7 7. c3 e5 8. Nbd2
Nge7 9. Re1 O-O 10. Nf1 h6 11. Be3 f5 12. b4 f4 13. Bc1 g5 14. h3 Be6 15. a3 b5
16. Bb2 Qb6 17. g4 a5 18. d4 exd4 19. cxd4 cxb4 20. axb4 Nxb4 21. Ba3 Bc4 22.
Bxb4 axb4 23. Rxa8 Rxa8 24. e5 Nd5 25. Qb1 dxe5 26. N1d2 Rd8 27. h4 exd4 28.
hxg5 d3 29. gxh6 Qxh6 30. g5 Qh5 31. Ne4 Ra8 32. Nf6+ Nxf6 33. gxf6 Bxf6 34.
Qxb4 Re8 35. Rxe8+ Qxe8 36. Qd6 Qd8 1/2-1/2

[Event "OLNO 1920 Greifswalder SV - SC Kreuzber"]
[Site "?"]
[Date "2021.08.15"]
[Round "9.3"]
[White "Maetzkow, Maximilian Paul"]
[Black "Fromm, Marius"]
[Result "1-0"]
[WhiteElo "2248"]
[BlackElo "2326"]
[PlyCount "125"]
[EventDate "2021.??.??"]

1. e4 c5 2. Nf3 d6 3. d4 cxd4 4. Nxd4 Nf6 5. Nc3 a6 6. Be3 e5 7. Nf3 Be7 8. Bc4
O-O 9. O-O Be6 10. Bb3 Nc6 11. Bg5 Nd7 12. Bxe7 Qxe7 13. Nd5 Qd8 14. c3 Na5 15.
Bc2 Rc8 16. Ne3 Nc4 17. Nxc4 Bxc4 18. Re1 Nf6 19. Bb3 b5 20. Bxc4 Rxc4 21. Qd3
Qb6 22. Rad1 Rc6 23. Rd2 a5 24. Red1 Rfc8 25. Nh4 g6 26. Qf3 Qd8 27. g3 b4 28.
c4 Kg7 29. b3 Qb6 30. Ng2 a4 31. Ne3 axb3 32. axb3 Ra8 33. Nd5 Nxd5 34. Rxd5
Ra5 35. Qd3 Rxd5 36. Qxd5 Qc5 37. Ra1 Qxd5 38. exd5 Rb6 39. Ra7 h5 40. h4 Kf6
41. Rc7 e4 42. Kf1 Ke5 43. Ke2 Ra6 44. Rb7 Kd4 45. Rxb4 Ra2+ 46. Kf1 Ra1+ 47.
Kg2 Ra2 48. Rb7 f5 49. Re7 Kc3 50. Re6 Kxb3 51. Kf1 Ra6 52. Rxg6 Kxc4 53. Rg5
Kxd5 54. Rxf5+ Ke6 55. Rxh5 Ra1+ 56. Kg2 d5 57. Rh8 d4 58. Rd8 d3 59. h5 Ra5
60. g4 Rd5 61. Rxd5 Kxd5 62. Kf1 Kc4 63. Ke1 1-0

[Event "OLNO 1920 Greifswalder SV - SC Kreuzber"]
[Site "?"]
[Date "2021.08.15"]
[Round "9.4"]
[White "Skibbe, Willi"]
[Black "Glantz, Robert"]
[Result "1-0"]
[WhiteElo "2187"]
[BlackElo "2319"]
[PlyCount "65"]
[EventDate "2021.??.??"]

1. d4 Nf6 2. c4 g6 3. Nc3 Bg7 4. e4 d6 5. Nf3 O-O 6. Be2 e5 7. Be3 exd4 8. Nxd4
Re8 9. Qc2 Ng4 10. Bxg4 Bxg4 11. O-O Nc6 12. Nxc6 bxc6 13. Rac1 c5 14. Qd2 Be6
15. b3 a5 16. Nd5 a4 17. b4 cxb4 18. Qxb4 f5 19. exf5 Bxf5 20. Qb7 c5 21. Bf4
a3 22. Rfe1 Qa5 23. Ne7+ Kh8 24. Bxd6 Qd2 25. Qd5 Qb2 26. Qxc5 Rxe7 27. Bxe7
Bd4 28. Qd5 Rc8 29. Bxa3 Qxf2+ 30. Kh1 Bg7 31. Bd6 Bd7 32. Bc5 Qxc5 33. Qxd7
1-0

[Event "OLNO 1920 Greifswalder SV - SC Kreuzber"]
[Site "?"]
[Date "2021.08.15"]
[Round "9.5"]
[White "Moritz, Aron"]
[Black "Weber, Max"]
[Result "1-0"]
[WhiteElo "2207"]
[BlackElo "2240"]
[PlyCount "85"]
[EventDate "2021.??.??"]

1. e4 c5 2. Nf3 e6 3. d4 cxd4 4. Nxd4 a6 5. Bd3 Nf6 6. Qe2 d6 7. O-O Qc7 8. c4
g6 9. Nc3 Bg7 10. Kh1 O-O 11. f4 Nbd7 12. Bd2 Nc5 13. Nf3 Nxd3 14. Qxd3 Bd7 15.
Rac1 Rac8 16. b3 Bc6 17. Nd4 b6 18. Nd5 Qb7 19. Nxc6 Rxc6 20. Nxf6+ Bxf6 21. a4
Rd8 22. h3 Bg7 23. Rfd1 d5 24. cxd5 exd5 25. Rxc6 Qxc6 26. Rc1 Qe6 27. e5 d4
28. Qc4 Qxc4 29. Rxc4 d3 30. Rc6 g5 31. g3 gxf4 32. gxf4 Bf8 33. Kg2 a5 34. Rc1
Bc5 35. Kf3 Kf8 36. Rd1 Ke7 37. f5 Rd5 38. Bc3 Bb4 39. Bxb4+ axb4 40. Ke4 Rc5
41. Rxd3 Rc1 42. f6+ Ke8 43. Rd4 1-0

[Event "OLNO 1920 Greifswalder SV - SC Kreuzber"]
[Site "?"]
[Date "2021.08.15"]
[Round "9.6"]
[White "Stopsack, Malte"]
[Black "Lehmann, Klaus"]
[Result "1/2-1/2"]
[WhiteElo "2218"]
[BlackElo "2223"]
[PlyCount "83"]
[EventDate "2021.??.??"]

1. e4 c6 2. Nc3 d5 3. Nf3 Bg4 4. h3 Bxf3 5. Qxf3 Nf6 6. d3 e6 7. g3 Bb4 8. Bd2
Nbd7 9. Bg2 Qa5 10. Qe2 Qa6 11. e5 Ng8 12. O-O Ne7 13. Ne4 Bxd2 14. Nd6+ Kf8
15. Qxd2 Nc8 16. Nxc8 Rxc8 17. f4 Qb6+ 18. Kh1 g6 19. g4 Ke7 20. f5 Kd8 21.
Qg5+ Kc7 22. Qe7 Rce8 23. Qxf7 Rhf8 24. Qxh7 gxf5 25. gxf5 exf5 26. Rae1 Rh8
27. Qxf5 Rhf8 28. Qh7 Rxf1+ 29. Rxf1 Qxb2 30. Rf7 Qa1+ 31. Bf1 Kb8 32. Qf5 Nxe5
33. Qf4 c5 34. Rf8 Rc8 35. Qf5 Rxf8 36. Qxf8+ Kc7 37. Qxc5+ Nc6 38. Qf2 Qxa2
39. Qf4+ Kb6 40. h4 Qxc2 41. h5 Qd1 42. h6 1/2-1/2

[Event "OLNO 1920 Greifswalder SV - SC Kreuzber"]
[Site "?"]
[Date "2021.08.15"]
[Round "9.7"]
[White "Glienke, Manfred"]
[Black "Lange, Jannis"]
[Result "1/2-1/2"]
[WhiteElo "2231"]
[BlackElo "2095"]
[PlyCount "94"]
[EventDate "2021.??.??"]

1. c4 Nf6 2. Nc3 d5 3. cxd5 Nxd5 4. g3 g6 5. Bg2 Nb6 6. Nf3 Bg7 7. O-O O-O 8.
d3 Nc6 9. Bd2 Nd4 10. Nxd4 Bxd4 11. Qc2 c6 12. Rac1 Be6 13. b3 a5 14. Rfd1 Nd5
15. Nxd5 Bxd5 16. Bxd5 Qxd5 17. Qc4 Qd7 18. Bc3 Bxc3 19. Rxc3 Rfd8 20. Rdc1 Qf5
21. Qf4 Qe6 22. Qe3 Qxe3 23. fxe3 Rd5 24. Rc5 e6 25. e4 Rd4 26. R1c4 Rxc4 27.
Rxc4 Kf8 28. Kf2 e5 29. Rc5 f6 30. e3 Ke7 31. Ke2 Kd6 32. d4 b6 33. Rc1 c5 34.
dxc5+ bxc5 35. Rc4 Kc6 36. Kd3 Rd8+ 37. Ke2 Kb5 38. a4+ Kc6 39. Rc3 h5 40. Rd3
Rb8 41. Kf3 Rb4 42. Rd8 Rxb3 43. Ra8 c4 44. Rxa5 Rb2 45. Ra8 Kb7 46. Ra5 Kb6
47. Ra8 Kb7 1/2-1/2

[Event "OLNO 1920 Greifswalder SV - SC Kreuzber"]
[Site "?"]
[Date "2021.08.15"]
[Round "9.8"]
[White "Kuersten, Ruediger"]
[Black "Sprotte, Norbert"]
[Result "1-0"]
[WhiteElo "2192"]
[BlackElo "2170"]
[PlyCount "63"]
[EventDate "2021.??.??"]

1. d4 Nf6 2. c4 e6 3. Nf3 Bb4+ 4. Nbd2 O-O 5. e3 d5 6. a3 Be7 7. Be2 b6 8. O-O
Bb7 9. b4 dxc4 10. Nxc4 Nbd7 11. Bd2 Ne4 12. Rb1 Nxd2 13. Nfxd2 Bd6 14. Re1 e5
15. Nxd6 cxd6 16. Bf3 Bxf3 17. Qxf3 Rc8 18. Rbc1 exd4 19. exd4 Rxc1 20. Rxc1
Qg5 21. Qe3 Qb5 22. Ne4 d5 23. Nd6 Qa4 24. Nf5 Nf6 25. Nxg7 Kxg7 26. Qg5+ Kh8
27. Qxf6+ Kg8 28. h4 Re8 29. Rc3 Re6 30. Rc8+ Re8 31. Rc7 Rf8 32. Rc3 1-0

[Event "OLNO 1920 SG Lok Brandenburg - SC Zitad"]
[Site "?"]
[Date "2021.08.15"]
[Round "9.1"]
[White "Engers, Felix"]
[Black "Rehberg, Raphael"]
[Result "1/2-1/2"]
[WhiteElo "2198"]
[BlackElo "2215"]
[PlyCount "21"]
[EventDate "2021.??.??"]

1. c4 e6 2. g3 Nf6 3. Bg2 d5 4. Nf3 Be7 5. O-O O-O 6. b3 c5 7. cxd5 exd5 8. d4
Nc6 9. Nc3 Re8 10. Bb2 b6 11. e3 {(=)} 1/2-1/2

[Event "OLNO 1920 SG Lok Brandenburg - SC Zitad"]
[Site "?"]
[Date "2021.08.15"]
[Round "9.2"]
[White "Walter, Guenter"]
[Black "Van der Veen, Terry"]
[Result "1-0"]
[WhiteElo "2144"]
[BlackElo "2069"]
[PlyCount "91"]
[EventDate "2021.??.??"]

1. e4 e5 2. Bc4 Nc6 3. Nf3 Nf6 4. d3 h6 5. Nc3 Bc5 6. Be3 d6 7. Bxc5 dxc5 8.
Bb5 Qd6 9. Bxc6+ bxc6 10. Nd2 O-O 11. Nc4 Qe7 12. Qe2 Nd7 13. O-O Re8 14. Qe3
Nf8 15. Na4 Ne6 16. g3 Nd4 17. Rac1 Bh3 18. Rfe1 Bg4 19. Nd2 Rad8 20. f3 Bh5
21. c3 Ne6 22. Nb3 Ng5 23. Rf1 Bxf3 24. Rxf3 Nxf3+ 25. Qxf3 c4 26. dxc4 Qg5 27.
Rf1 Re7 28. Nac5 Rd6 29. Qe2 Re8 30. Nd3 Rf6 31. Rxf6 Qxf6 32. Nbc5 Qd6 33. b4
g6 34. g4 Qe7 35. Qe3 Kh7 36. Nf2 Qh4 37. a4 f5 38. exf5 gxf5 39. gxf5 Rg8+ 40.
Kh1 Qxc4 41. Ncd3 Qxc3 42. Qxe5 Qxe5 43. Nxe5 Rf8 44. Nfd3 Rxf5 45. Kg2 Kg7 46.
Nxc6 1-0

[Event "OLNO 1920 SG Lok Brandenburg - SC Zitad"]
[Site "?"]
[Date "2021.08.15"]
[Round "9.3"]
[White "Schwedek, Tony"]
[Black "Urban, Hans-Rainer"]
[Result "0-1"]
[WhiteElo "1974"]
[BlackElo "2041"]
[PlyCount "92"]
[EventDate "2021.??.??"]

1. c4 Nf6 2. g3 e6 3. Bg2 d5 4. Nf3 Be7 5. O-O O-O 6. b3 c6 7. Bb2 Nbd7 8. d4
Ne8 9. Nfd2 f5 10. f3 Ndf6 11. e4 dxe4 12. fxe4 Ng4 13. Qe2 Bg5 14. Nf3 Be3+
15. Kh1 fxe4 16. Ne5 Nf2+ 17. Rxf2 Bxf2 18. Qxe4 c5 19. d5 Nf6 20. Qe2 Bd4 21.
Nc3 Re8 22. Ne4 Bxb2 23. Qxb2 exd5 24. cxd5 Bf5 25. Nxc5 Qd6 26. Ncd3 Bxd3 27.
Nxd3 Nxd5 28. Qd4 Rad8 29. Nc5 Ne3 30. Qxd6 Rxd6 31. Nxb7 Rd1+ 32. Rxd1 Nxd1
33. Bd5+ Kf8 34. a4 Re1+ 35. Kg2 Re2+ 36. Kg1 Ne3 37. Bf3 Rb2 38. Na5 Nf5 39.
Bd5 Nd4 40. h3 Ke7 41. g4 Kf6 42. h4 Rb1+ 43. Kf2 Ke5 44. Bg8 Kf4 45. Bxh7 Rb2+
46. Ke1 Kxg4 0-1

[Event "OLNO 1920 SG Lok Brandenburg - SC Zitad"]
[Site "?"]
[Date "2021.08.15"]
[Round "9.5"]
[White "Schulz, Michael"]
[Black "Rettig, Maik"]
[Result "1-0"]
[WhiteElo "2165"]
[BlackElo "2050"]
[PlyCount "69"]
[EventDate "2021.??.??"]

1. d4 Nf6 2. Bg5 h6 3. Bxf6 exf6 4. c4 Bb4+ 5. Nc3 O-O 6. e3 c5 7. a3 Ba5 8.
dxc5 Bxc3+ 9. bxc3 Qa5 10. Qd2 Nc6 11. Nf3 Qxc5 12. Bd3 Na5 13. Qa2 d5 14. cxd5
Qxc3+ 15. Ke2 Qb3 16. Nd4 Qxa2+ 17. Rxa2 Bd7 18. Rc1 Rac8 19. Rac2 Rxc2+ 20.
Rxc2 Rc8 21. Rxc8+ Bxc8 22. Kd2 a6 23. Kc3 b5 24. Nc6 Nxc6 25. dxc6 Kf8 26. Kd4
Ke7 27. Kc5 f5 28. f4 f6 29. g3 Ke6 30. Bf1 Ke7 31. Bg2 Ke6 32. c7 Kd7 33. Kb6
a5 34. Bc6+ Kd6 35. Bxb5 1-0

[Event "OLNO 1920 SG Lok Brandenburg - SC Zitad"]
[Site "?"]
[Date "2021.08.15"]
[Round "9.6"]
[White "Schulz, Norbert"]
[Black "Boettcher, Patrick"]
[Result "0-1"]
[WhiteElo "2054"]
[BlackElo "2085"]
[PlyCount "62"]
[EventDate "2021.??.??"]

1. d4 Nf6 2. c4 g6 3. Nc3 Bg7 4. e4 d6 5. f3 O-O 6. Be3 Nc6 7. Nge2 a6 8. g4
Rb8 9. d5 Ne5 10. Ng3 c5 11. Be2 Qa5 12. g5 Ne8 13. O-O Bh3 14. Rf2 b5 15. cxb5
axb5 16. a4 bxa4 17. Rxa4 Qb6 18. Ra2 e6 19. f4 Nd7 20. f5 exf5 21. exf5 Be5
22. fxg6 fxg6 23. Bd3 Nc7 24. Qa4 Bxc3 25. bxc3 Ne5 26. Be4 Ng4 27. Rfb2 Qxb2
28. Rxb2 Rxb2 29. Bc1 Rbf2 30. Qd1 Nb5 31. Qd3 Nxc3 0-1

[Event "OLNO 1920 SG Lok Brandenburg - SC Zitad"]
[Site "?"]
[Date "2021.08.15"]
[Round "9.7"]
[White "Riedel, Hartmut"]
[Black "Mueller, Klaus"]
[Result "1-0"]
[WhiteElo "2041"]
[BlackElo "1931"]
[PlyCount "94"]
[EventDate "2021.??.??"]

1. d4 Nf6 2. c4 e6 3. Nc3 d5 4. Bg5 h6 5. Bxf6 gxf6 6. cxd5 exd5 7. e3 c6 8.
Bd3 Bd6 9. Qc2 Be6 10. Nf3 Nd7 11. Nh4 Qa5 12. Nf5 Bf8 13. O-O O-O-O 14. a3 Kb8
15. b4 Qc7 16. Na4 h5 17. Rfc1 h4 18. b5 Rc8 19. Qb2 c5 20. dxc5 Ne5 21. b6
axb6 22. cxb6 Qd7 23. Bb5 Qd8 24. Nd4 Nc4 25. Bxc4 dxc4 26. Nc3 Bc5 27. Rab1
Bxd4 28. exd4 Rg8 29. Qd2 Rg4 30. d5 Qd6 31. f3 Rg6 32. Rb2 Bh3 33. Ne4 Qe5 34.
Qa5 Rcg8 35. Qa7+ Kc8 36. Rxc4+ Kd8 37. Qa8+ Ke7 38. Qxb7+ Kf8 39. Rc8+ Bxc8
40. Qxc8+ Kg7 41. Qc1 Qxd5 42. h3 Rb8 43. Qc5 Qxc5+ 44. Nxc5 f5 45. b7 Rc6 46.
Nd7 Rxb7 47. Rxb7 Ra6 1-0

[Event "OLNO 1920 SV Empor Berlin - SK König T"]
[Site "?"]
[Date "2021.08.15"]
[Round "9.1"]
[White "Giemsa, Stephan"]
[Black "Volke, Karsten"]
[Result "1/2-1/2"]
[WhiteElo "2300"]
[BlackElo "2452"]
[PlyCount "28"]
[EventDate "2021.??.??"]

1. d4 Nf6 2. c4 e6 3. g3 d5 4. Bg2 dxc4 5. Nf3 Bb4+ 6. Nbd2 O-O 7. O-O b5 8. a4
c6 9. b3 c3 10. Nb1 Bb7 11. Qc2 c5 12. Nxc3 Bxc3 13. Qxc3 cxd4 14. Qxd4 Qxd4
1/2-1/2

[Event "OLNO 1920 SV Empor Berlin - SK König T"]
[Site "?"]
[Date "2021.08.15"]
[Round "9.2"]
[White "Thinius, Marco"]
[Black "Jahnz, Fabian"]
[Result "1/2-1/2"]
[WhiteElo "2392"]
[BlackElo "2228"]
[PlyCount "102"]
[EventDate "2021.??.??"]

1. Nf3 d5 2. g3 g6 3. Bg2 Bg7 4. c4 dxc4 5. Na3 Nc6 6. Nxc4 e5 7. d3 e4 8. dxe4
Qxd1+ 9. Kxd1 Nf6 10. Ne1 Be6 11. Ne3 O-O-O+ 12. Bd2 Ng4 13. Nxg4 Bxg4 14. f3
Bxb2 15. Rb1 Bc3 16. Nd3 Bxd2 17. fxg4 Bc3 18. g5 h6 19. Kc2 Be5 20. Rbf1 hxg5
21. Rxf7 Rd7 22. Rxd7 Kxd7 23. Nc5+ Kc8 24. e3 b6 25. Nd3 Kd7 26. Bf3 Ke7 27.
Kd2 Bd6 28. Ke2 Ne5 29. Nxe5 Bxe5 30. Bg4 Bc3 31. h3 Rf8 32. Rf1 Rxf1 33. Kxf1
Kd6 34. Ke2 b5 35. Bc8 c5 36. a4 bxa4 37. Ba6 a3 38. Bc4 Ke5 39. Kd3 Be1 40.
Bd5 Bb4 41. Bc4 Be1 42. Bd5 Bxg3 43. Bc4 Kd6 44. Ba2 Be5 45. Kc4 Bb2 46. Kd3
Bc1 47. Bc4 Ke5 48. Ba2 Kf6 49. Ke2 Bb2 50. Bb3 Ke5 51. Kd3 Bc1 1/2-1/2

[Event "OLNO 1920 SV Empor Berlin - SK König T"]
[Site "?"]
[Date "2021.08.15"]
[Round "9.3"]
[White "Dimitrijeski, Boris"]
[Black "Foerster, Jonas"]
[Result "0-1"]
[WhiteElo "2193"]
[BlackElo "2300"]
[PlyCount "154"]
[EventDate "2021.??.??"]

1. d4 d6 2. Nf3 g6 3. c4 Bg7 4. Nc3 Bg4 5. e3 Nc6 6. Be2 Nf6 7. O-O O-O 8. h3
Bf5 9. d5 Nb8 10. Nd4 Bc8 11. e4 c5 12. Nf3 Nbd7 13. Bf4 a6 14. a4 b6 15. Qd2
Ne8 16. Bd3 Rb8 17. Rae1 Rb7 18. Bh6 e5 19. g4 Bxh6 20. Qxh6 Qf6 21. Ng5 Qg7
22. Qh4 h6 23. Nf3 Ndf6 24. Qg3 Re7 25. Kh1 Bd7 26. Nh4 Nh7 27. Rg1 Nc7 28. Ng2
Rb8 29. Ne3 Qf6 30. Ra1 Ng5 31. Kg2 Ree8 32. Rh1 Qf4 33. Ne2 Qxg3+ 34. Kxg3 Nh7
35. Nc3 Nf6 36. f3 Kg7 37. h4 Rb7 38. Rhb1 Reb8 39. Ra3 b5 40. axb5 axb5 41.
Nxb5 Bxb5 42. cxb5 Nfe8 43. Rc1 Nxb5 44. Bxb5 Rxb5 45. Nc4 Kf6 46. Ra7 R5b7 47.
Ra6 Rd8 48. Rc3 Rdd7 49. Kf2 Ke7 50. Ke3 Nc7 51. Rb6 Rxb6 52. Nxb6 Rd8 53. Ra3
Rb8 54. Nc4 f5 55. gxf5 gxf5 56. f4 Rb4 57. Rc3 Nb5 58. Rc1 Rb3+ 59. Kf2 exf4
60. exf5 Kf6 61. Re1 Nd4 62. Re8 Nxf5 63. Re6+ Kg7 64. Nxd6 Rxb2+ 65. Kg1 Ne3
66. Ne8+ Kf8 67. d6 Rd2 68. Nc7 c4 69. Nb5 Kg7 70. h5 Rd5 71. Nc3 Rd3 72. Ne4
c3 73. Re7+ Kf8 74. Nxc3 Rxc3 75. Re4 Rd3 76. Rxf4+ Kg7 77. Re4 Nf5 0-1

[Event "OLNO 1920 SV Empor Berlin - SK König T"]
[Site "?"]
[Date "2021.08.15"]
[Round "9.4"]
[White "Szajbely, Zsigmond"]
[Black "Dimitrijeski, Kristian"]
[Result "0-1"]
[WhiteElo "2270"]
[BlackElo "2115"]
[PlyCount "98"]
[EventDate "2021.??.??"]

1. d4 d5 2. Nc3 Nf6 3. Bf4 c6 4. Qd2 Bf5 5. f3 e6 6. g4 Bg6 7. h4 h6 8. O-O-O
Bb4 9. h5 Bh7 10. g5 hxg5 11. Bxg5 Bf5 12. Rh4 Be7 13. e4 Nxe4 14. Bxe7 Nxd2
15. Bxd8 Nxf1 16. Bc7 Ne3 17. Rd2 g5 18. Rhh2 Nf1 19. Be5 Rh7 20. Bf6 Nxh2 21.
Rxh2 Nd7 22. Bxg5 f6 23. Be3 Kf7 24. h6 e5 25. Nce2 Rg8 26. Rh5 Bg6 27. Rh4 b6
28. b3 c5 29. dxe5 Nxe5 30. c3 Bf5 31. Rh5 Be6 32. Kd2 Rd8 33. Ke1 Nxf3+ 34.
Nxf3 Bg4 35. Rh4 Bxf3 36. b4 Re8 37. Kf2 Bxe2 38. Kxe2 Re4 39. Rxe4 dxe4 40.
bxc5 bxc5 41. Bxc5 Rxh6 42. Bxa7 Rh2+ 43. Ke3 Rxa2 44. Bb8 f5 45. Bf4 Ke6 46.
Bb8 Kd5 47. Bg3 Rc2 48. Be1 Rc1 49. c4+ Kxc4 0-1

[Event "OLNO 1920 SV Empor Berlin - SK König T"]
[Site "?"]
[Date "2021.08.15"]
[Round "9.5"]
[White "Niehaus, Frank"]
[Black "Sulayev, Daniel"]
[Result "0-1"]
[WhiteElo "2060"]
[BlackElo "2188"]
[PlyCount "76"]
[EventDate "2021.??.??"]

1. e4 c5 2. Nf3 Nc6 3. d4 cxd4 4. Nxd4 e5 5. Nb5 d6 6. N5c3 a6 7. Na3 Be6 8.
Nc4 b5 9. Ne3 Nf6 10. g3 g6 11. Bg2 Bg7 12. O-O Rc8 13. Ncd5 Bxd5 14. Nxd5 Nxd5
15. exd5 Ne7 16. a4 O-O 17. axb5 axb5 18. Qd3 Qc7 19. c3 Rb8 20. Be3 Nf5 21.
Ra6 Nxe3 22. Qxe3 f5 23. Rfa1 b4 24. Rc6 Qd8 25. Ra7 bxc3 26. bxc3 Rf7 27. Rxf7
Kxf7 28. Qa7+ Kg8 29. h4 Rb1+ 30. Kh2 e4 31. Qa6 Bf8 32. Qa2 Qb8 33. Qc4 Qa7
34. Rc8 Rb2 35. Qd4 Qxd4 36. cxd4 Rxf2 37. Kg1 Rd2 38. Kf1 Rxd4 0-1

[Event "OLNO 1920 SV Empor Berlin - SK König T"]
[Site "?"]
[Date "2021.08.15"]
[Round "9.6"]
[White "Nitsche-Hahn, Raphael"]
[Black "Kachibadze, Georg"]
[Result "1/2-1/2"]
[WhiteElo "2087"]
[BlackElo "2268"]
[PlyCount "70"]
[EventDate "2021.??.??"]

1. d4 d5 2. Bf4 e6 3. e3 Bd6 4. Bg3 Qe7 5. f4 b6 6. Nf3 Nh6 7. Nbd2 O-O 8. Bd3
Ba6 9. Bxa6 Nxa6 10. O-O Nf5 11. Bf2 c5 12. Qe2 Nc7 13. c3 f6 14. e4 dxe4 15.
Qxe4 Nd5 16. g3 Rfe8 17. Rfe1 cxd4 18. Nxd4 Nxd4 19. Bxd4 Qf7 20. Nf3 Rad8 21.
Re2 Qh5 22. Rae1 Qg4 23. Kf2 Bxf4 24. c4 f5 25. Qb1 Nb4 26. gxf4 Qxf4 27. a3
Rxd4 28. axb4 e5 29. Rxe5 Rxe5 30. Rxe5 Re4 31. Qd3 Rxe5 32. Qd8+ Kf7 33. Qc7+
Ke6 34. Qc6+ Kf7 35. Qc7+ Ke6 1/2-1/2

[Event "OLNO 1920 SV Empor Berlin - SK König T"]
[Site "?"]
[Date "2021.08.15"]
[Round "9.7"]
[White "Wierzbicki, Jirawat"]
[Black "Jahn, Thomas"]
[Result "1/2-1/2"]
[WhiteElo "2149"]
[BlackElo "2167"]
[PlyCount "98"]
[EventDate "2021.??.??"]

1. e4 e5 2. Nf3 Nc6 3. Bc4 Nf6 4. d3 Be7 5. O-O O-O 6. Re1 d6 7. a4 Kh8 8. a5
a6 9. Nc3 Bg4 10. Be3 Nd4 11. Bxd4 exd4 12. Nd5 Nd7 13. h3 Bxf3 14. Qxf3 c6 15.
Nf4 Bg5 16. Ne2 Ne5 17. Qg3 Bh4 18. Qf4 Bg5 19. Qh2 Bd2 20. Red1 Bxa5 21. Nxd4
Bc7 22. Ba2 d5 23. f4 Qf6 24. Ne2 Ng6 25. e5 Qe7 26. d4 f6 27. Qg3 fxe5 28.
fxe5 Nxe5 29. dxe5 Bxe5 30. Qd3 Bd6 31. Rf1 Qe5 32. g3 Qxb2 33. Bb3 a5 34.
Rxf8+ Rxf8 35. Rf1 Rxf1+ 36. Kxf1 Qf6+ 37. Kg2 Bc5 38. Qf3 Qe7 39. h4 b5 40. h5
a4 41. Ba2 b4 42. Nf4 Bd6 43. Nxd5 cxd5 44. Qxd5 Qf8 45. Qe6 Bc5 46. Bd5 Bd4
47. Bc4 Qf2+ 48. Kh3 Qf8 49. Kg2 Qf2+ 1/2-1/2

[Event "OLNO 1920 SV Empor Berlin - SK König T"]
[Site "?"]
[Date "2021.08.15"]
[Round "9.8"]
[White "Silz, Elisa"]
[Black "Acikel, Mert"]
[Result "0-1"]
[WhiteElo "2033"]
[BlackElo "2149"]
[PlyCount "172"]
[EventDate "2021.??.??"]

1. d4 d5 2. c4 e6 3. Nc3 Nf6 4. Bg5 Be7 5. e3 O-O 6. Nf3 h6 7. Bf4 c5 8. Nb5
Na6 9. Bd3 Bd7 10. O-O Nb4 11. dxc5 Bxc5 12. Be2 a6 13. Nbd4 dxc4 14. Bxc4 Qe7
15. Nb3 Ba4 16. Qe2 b5 17. Nxc5 Qxc5 18. Bd3 Nxd3 19. Qxd3 Rfd8 20. Rac1 Qh5
21. Qc3 Nd5 22. Qe5 Qxe5 23. Bxe5 b4 24. e4 Nf6 25. Rfe1 Rac8 26. Bc7 Rd3 27.
Ne5 Rd2 28. Nc4 Rc2 29. Rxc2 Bxc2 30. Rc1 Rxc7 31. Rxc2 Nxe4 32. Ne3 Rxc2 33.
Nxc2 a5 34. Nd4 a4 35. Nc2 b3 36. axb3 axb3 37. Na1 Nd2 38. f3 Kh7 39. Kf2 Kg6
40. Ke2 Nc4 41. Nxb3 Nxb2 42. Nc5 e5 43. Ne4 f5 44. Nd6 Kf6 45. g3 h5 46. h4 f4
47. g4 hxg4 48. fxg4 Ke6 49. Ne4 Kd5 50. Kf3 Nd3 51. Nc3+ Kc4 52. Ne2 Kd5 53.
Nc3+ Kd6 54. h5 Ke6 55. Ne4 Ne1+ 56. Ke2 Nc2 57. Kf3 Nd4+ 58. Kf2 Nb5 59. Kf3
Nd6 60. Ng5+ Ke7 61. Nh3 Kf6 62. Nf2 Kg5 63. Nh3+ Kf6 64. Nf2 Nf7 65. Ne4+ Ke6
66. Kf2 Kd5 67. Kf3 Ke6 68. Kf2 Ke7 69. Ke2 Nd6 70. Nf2 e4 71. Nh3 f3+ 72. Ke3
Kf6 73. g5+ Ke5 74. h6 gxh6 75. gxh6 Nf5+ 76. Kf2 Nxh6 77. Kg3 Nf5+ 78. Kf2 Nh4
79. Ke3 Ng2+ 80. Kf2 Nf4 81. Ng1 Nd3+ 82. Kf1 Kf4 83. Nh3+ Kg3 84. Ng5 Nc5 85.
Kg1 e3 86. Kh1 e2 0-1